[Event "Florianopolis op 10th"]
[Site "Florianopolis"]
[Date "2024.01.20"]
[Round "1"]
[White "Carvalho, Celestino Jr"]
[Black "Blaskosky, Vinicius"]
[Result "1-0"]
[WhiteElo "1939"]
[BlackElo "1314"]
[PlyCount "43"]
[EventDate "2024.01.20"]
[EventType "swiss"]
[EventRounds "10"]
[EventCountry "BRA"]
[SourceTitle "CB05_2024"]
[SourceDate "2024.01.31"]
[SourceVersion "1"]
[SourceVersionDate "2024.01.31"]
[SourceQuality "1"]

1. e4 c5 2. c3 d5 3. e5 Nc6 4. d4 Qc7 5. Be3 cxd4 6. cxd4 Bf5 7. Nc3 e6 8. a3 a6 9. Rc1 b5 10. b4 Nxb4 11. axb4 Bxb4 12. Bd2 Ba3 13. Nxb5 Qe7 14. Nc7+ Kf8 15. Nxa8 Bxc1 16. Qxc1 Qb7 17. Nc7 Ne7 18. Nxa6 Nc6 19. Nf3 Ke7 20. Qc5+ Kd7 21. Qd6+ Ke8 22. Bb5 1-0

[Event "Florianopolis op 9th"]
[Site "Florianopolis"]
[Date "2023.01.28"]
[Round "8"]
[White "Villalba, Marcelo"]
[Black "Carvalho, Celestino Jr"]
[Result "1-0"]
[WhiteElo "2269"]
[BlackElo "1953"]
[PlyCount "65"]
[EventDate "2023.01.23"]
[EventType "swiss"]
[EventRounds "10"]
[EventCountry "BRA"]
[SourceTitle "CBM 212 Extra"]
[Source "ChessBase"]
[SourceDate "2023.03.31"]
[SourceVersion "1"]
[SourceVersionDate "2023.03.31"]
[SourceQuality "1"]

1. d4 d5 2. c4 e6 3. Nc3 Nf6 4. cxd5 exd5 5. Bg5 Be7 6. e3 0-0 7. Bd3 Nbd7 8. Qc2 c6 9. Nf3 h6 10. Bf4 Nh5 11. Bg3 Re8 12. 0-0 Nxg3 13. hxg3 Nf6 14. Rab1 b6 15. b4 Bb7 16. Rfc1 Bd6 17. a4 Qe7 18. Qb2 Bxg3 19. a5 Bd6 20. Na4 Nd7 21. a6 Bc8 22. e4 Bf4 23. Re1 Qd6 24. exd5 Rxe1+ 25. Rxe1 cxd5 26. g3 Bg5 27. Nxg5 hxg5 28. Re8+ Nf8 29. Qc2 Bb7 30. Rxf8+ Kxf8 31. axb7 Rb8 32. Qc8+ Ke7 33. Nc3 1-0

[Event "Florianopolis op 9th"]
[Site "Florianopolis"]
[Date "2023.01.24"]
[Round "2"]
[White "Spieker, Otavio Schmidt"]
[Black "Carvalho, Celestino Jr"]
[Result "0-1"]
[WhiteElo "1352"]
[BlackElo "1953"]
[PlyCount "72"]
[EventDate "2023.01.23"]
[EventType "swiss"]
[EventRounds "10"]
[EventCountry "BRA"]
[SourceTitle "CBM 212 Extra"]
[Source "ChessBase"]
[SourceDate "2023.03.31"]
[SourceVersion "1"]
[SourceVersionDate "2023.03.31"]
[SourceQuality "1"]

1. e4 d5 2. exd5 Qxd5 3. Nc3 Qd8 4. Nf3 Nf6 5. h3 Bf5 6. Bc4 e6 7. a3 Bd6 8. d4 Nbd7 9. 0-0 0-0 10. Re1 c6 11. Ne5 Nd5 12. Nxd5 cxd5 13. Bd3 Bxd3 14. Qxd3 Qc7 15. Nxd7 Qxd7 16. c3 b5 17. b4 Rfc8 18. Bd2 Rc4 19. Qf3 Rac8 20. Qg4 Kh8 21. h4 Qc7 22. Qh3 Bf4 23. Bxf4 Qxf4 24. Re3 Qc7 25. Rc1 Rxd4 26. h5 h6 27. Rf3 Rc4 28. g4 Qe7 29. Qg3 Qg5 30. Kh2 Rxg4 31. Qd6 Qxc1 32. Kh3 Rg5 33. Rxf7 Qh1+ 34. Qh2 Rxh5+ 35. Kg3 Rxc3+ 36. Kf4 Qe4# 0-1

[Event "Florianopolis op 9th"]
[Site "Florianopolis"]
[Date "2023.01.23"]
[Round "1"]
[White "Carvalho, Celestino Jr"]
[Black "Fugimoto, Rafael Aoki"]
[Result "1-0"]
[WhiteElo "1953"]
[BlackElo "1317"]
[PlyCount "115"]
[EventDate "2023.01.23"]
[EventType "swiss"]
[EventRounds "10"]
[EventCountry "BRA"]
[SourceTitle "CBM 212 Extra"]
[Source "ChessBase"]
[SourceDate "2023.03.31"]
[SourceVersion "1"]
[SourceVersionDate "2023.03.31"]
[SourceQuality "1"]

1. e4 c5 2. Nf3 e6 3. d3 Nc6 4. g3 a6 5. Bg2 b5 6. 0-0 Bb7 7. c3 Qc7 8. d4 cxd4 9. cxd4 d6 10. Re1 Be7 11. Bf4 Nf6 12. Nc3 0-0 13. Rc1 Qd7 14. Bh3 Qd8 15. a3 d5 16. e5 Nd7 17. b4 Nb6 18. Rc2 Nc4 19. Bc1 Qb6 20. Bf1 a5 21. Bxc4 bxc4 22. b5 Na7 23. a4 Bb4 24. Re3 Nc8 25. Na2 Ne7 26. g4 Ng6 27. Ba3 Bxa3 28. Rxa3 Nf4 29. Nc1 Bc8 30. Qd2 Ng6 31. g5 Bd7 32. Ne2 Rac8 33. Ng3 Rc7 34. h4 Ne7 35. Nh2 Nf5 36. Nxf5 exf5 37. Nf1 Ra8 38. Ne3 Be6 39. Ra1 f4 40. Nf1 Bf5 41. Rc3 Be4 42. f3 Bd3 43. Qxf4 Bxf1 44. Rxf1 Qe6 45. Rb1 Qb6 46. Kg2 Re8 47. Kg3 Re6 48. Qd2 h6 49. f4 Ree7 50. f5 h5 51. Rf1 Rc8 52. Rf4 Kh8 53. Qe3 Rb7 54. Qf3 g6 55. Qxd5 Re7 56. Rxc4 Rcc7 57. Rc6 Rxc6 58. bxc6 1-0

[Event "Sao Jose dos Campos op"]
[Site "Sao Jose dos Campos"]
[Date "2022.09.09"]
[Round "3"]
[White "Brendalia, Ricardo"]
[Black "Carvalho, Celestino Jr"]
[Result "1/2-1/2"]
[WhiteElo "1529"]
[BlackElo "1938"]
[PlyCount "109"]
[EventDate "2022.09.08"]
[EventType "swiss"]
[EventRounds "7"]
[EventCountry "BRA"]
[SourceTitle "CBM 210 Extra"]
[Source "ChessBase"]
[SourceDate "2022.11.30"]
[SourceVersion "1"]
[SourceVersionDate "2022.11.30"]
[SourceQuality "1"]

1. d4 d5 2. c4 e6 3. g3 Nf6 4. Bg2 Be7 5. Nf3 Nbd7 6. 0-0 0-0 7. Qd3 b6 8. Nc3 Bb7 9. cxd5 exd5 10. Bf4 Ne4 11. Rac1 Rc8 12. Nb5 Ba6 13. Qb3 Bxb5 14. Qxb5 c5 15. Qa6 g5 16. Be3 Rc7 17. Qd3 c4 18. Qd2 h6 19. Rfd1 b5 20. Ne5 Ndf6 21. f3 Nd6 22. Bf2 Re8 23. e4 Bf8 24. Re1 Qc8 25. h4 Bg7 26. Kh2 g4 27. Nxg4 Nxg4+ 28. fxg4 dxe4 29. Bxe4 Qxg4 30. Bf5 Qf3 31. Rxe8+ Nxe8 32. Be4 Qg4 33. Kg2 Nd6 34. Bf3 Qg5 35. Qe2 Bf6 36. Rc3 b4 37. Re3 Kf8 38. Bg4 Qd5+ 39. Bf3 Qa5 40. a3 c3 41. axb4 Qxb4 42. bxc3 Rxc3 43. d5 Rc8 44. Qa2 Rc7 45. Rb3 Qc4 46. Rb8+ Kg7 47. Qxc4 Nxc4 48. Ra8 a5 49. Be2 Bc3 50. Ra6 Ne5 51. d6 Rb7 52. Rb6 Rxb6 53. Bxb6 Kf6 54. Bd8+ Ke6 55. Bc7 1/2-1/2

[Event "Niteroi op 2nd"]
[Site "Niteroi"]
[Date "2022.09.02"]
[Round "2"]
[White "Marra, Eduardo da Costa"]
[Black "Carvalho, Celestino Jr"]
[Result "1-0"]
[WhiteElo "2256"]
[BlackElo "1938"]
[PlyCount "112"]
[EventDate "2022.09.01"]
[EventType "swiss"]
[EventRounds "9"]
[EventCountry "BRA"]
[SourceTitle "CBM 210 Extra"]
[Source "ChessBase"]
[SourceDate "2022.11.30"]
[SourceVersion "1"]
[SourceVersionDate "2022.11.30"]
[SourceQuality "1"]

1. e4 e5 2. Nf3 Nc6 3. Bc4 Be7 4. d4 exd4 5. Nxd4 d6 6. Nc3 Nf6 7. f3 0-0 8. Be3 a6 9. a3 Re8 10. Qd2 Bd7 11. 0-0 b5 12. Ba2 Na5 13. Qd3 Nb7 14. Rad1 c6 15. h3 a5 16. Nce2 b4 17. Nf4 c5 18. Nde2 Qc7 19. Rd2 Rab8 20. Rfd1 Nd8 21. Bf2 h6 22. Bg3 Rb6 23. Bc4 a4 24. Ng6 Nb7 25. Nef4 Bc6 26. Bxf7+ Kxf7 27. Qc4+ d5 28. Nxd5 Bxd5 29. Rxd5 Na5 30. Bxc7 Nxc4 31. Bxb6 Nxb6 32. Nxe7 Rxe7 33. Rxc5 bxa3 34. bxa3 Nfd7 35. Rc6 Re6 36. Rc7 Ke7 37. Rd4 Rd6 38. c3 Ke6 39. Kf2 g6 40. f4 h5 41. g3 Rxd4 42. cxd4 Kd6 43. Rc1 Nb8 44. d5 N6d7 45. Ke3 Nc5 46. Rd1 Nb3 47. e5+ Ke7 48. g4 Nd7 49. gxh5 gxh5 50. Rg1 Nb6 51. Ke4 Nd2+ 52. Kd3 Nf3 53. Rg7+ Ke8 54. Rb7 Nd7 55. Ra7 Ng1 56. d6 Nxh3 1-0

[Event "BRA-ch Seniors 65"]
[Site "Joao Pessoa"]
[Date "2022.08.20"]
[Round "4"]
[White "Okamura, Milton Kasuo"]
[Black "Carvalho, Celestino Jr"]
[Result "0-1"]
[WhiteElo "1993"]
[BlackElo "1903"]
[PlyCount "38"]
[EventDate "2022.08.19"]
[EventType "swiss"]
[EventRounds "5"]
[EventCountry "BRA"]
[SourceTitle "CBM 210 Extra"]
[Source "ChessBase"]
[SourceDate "2022.11.30"]
[SourceVersion "1"]
[SourceVersionDate "2022.11.30"]
[SourceQuality "1"]

1. d4 d5 2. c4 e6 3. Nc3 Nf6 4. cxd5 exd5 5. Bg5 Be7 6. e3 0-0 7. Bd3 Nbd7 8. Nge2 c6 9. 0-0 Re8 10. Qc2 Nf8 11. f3 h6 12. Bh4 Ne6 13. Rae1 c5 14. Qd2 cxd4 15. exd4 Ne4 16. Bxe7 Nxd2 17. Bxd8 Nxf1 18. Bh4 Ne3 19. Nxd5 Nxd5 0-1

[Event "Rio de Janeiro op"]
[Site "Rio de Janeiro"]
[Date "2022.04.22"]
[Round "3"]
[White "Carvalho, Celestino Jr"]
[Black "Valcarcel, Victor Ignacio Sant"]
[Result "0-1"]
[WhiteElo "1918"]
[BlackElo "1858"]
[PlyCount "86"]
[EventDate "2022.04.21"]
[EventType "swiss"]
[EventRounds "6"]
[EventCountry "BRA"]
[SourceTitle "CBM 207 Extra"]
[Source "ChessBase"]
[SourceDate "2022.05.31"]
[SourceVersion "1"]
[SourceVersionDate "2022.05.31"]
[SourceQuality "1"]

1. e4 e5 2. Nf3 Nc6 3. Bc4 Nf6 4. 0-0 Be7 5. Nc3 d6 6. h3 0-0 7. d4 Nxe4 8. Nxe4 d5 9. Bd3 dxe4 10. Bxe4 Nxd4 11. Nxe5 Bf6 12. Ng4 Bxg4 13. Qxg4 c6 14. c3 Ne6 15. Be3 g6 16. f4 Qe7 17. Rad1 Bh4 18. g3 f5 19. Bxf5 Rxf5 20. Qxh4 Qxh4 21. gxh4 Raf8 22. Kh2 Nxf4 23. Bxa7 Ra8 24. Be3 Nd3 25. Rxf5 gxf5 26. Rg1+ Kf7 27. Rd1 Nxb2 28. Rd7+ Kg6 29. h5+ Kf6 30. Rxb7 Rxa2 31. Kg3 Nd3 32. Rxh7 c5 33. h4 Rc2 34. Bg5+ Ke5 35. Re7+ Kd5 36. Rd7+ Ke4 37. Rxd3 Kxd3 38. h6 Ra2 39. h7 Ra8 40. Bf6 Ke3 41. h8Q Rxh8 42. Bxh8 f4+ 43. Kg4 f3 0-1

[Event "Caxambu op"]
[Site "Caxambu"]
[Date "2020.03.07"]
[Round "4"]
[White "Carvalho, Celestino Jr"]
[Black "Pinto, Ana Vitoria de Jesu"]
[Result "1-0"]
[WhiteElo "1899"]
[BlackElo "1636"]
[PlyCount "81"]
[EventDate "2020.03.06"]
[EventType "swiss"]
[EventRounds "6"]
[EventCountry "BRA"]
[SourceTitle "CBM 195 Extra"]
[Source "ChessBase"]
[SourceDate "2020.05.31"]
[SourceVersion "1"]
[SourceVersionDate "2020.05.31"]
[SourceQuality "1"]

1. d4 Nf6 2. Nf3 d5 3. Nc3 e6 4. Bg5 Be7 5. e3 h6 6. Bh4 c5 7. Bg3 a6 8. Ne5 Qa5 9. f3 Qb6 10. Rb1 Nbd7 11. Be2 0-0 12. 0-0 Nh5 13. Bf2 cxd4 14. exd4 Qc7 15. Nxd7 Bxd7 16. g3 Bd6 17. Bd3 f5 18. Kh1 Rf6 19. f4 g6 20. Ne2 Kh7 21. Ng1 Rg8 22. Nf3 Be8 23. Ne5 g5 24. Be3 gxf4 25. gxf4 Bxe5 26. fxe5 Rff8 27. Be2 Ng7 28. Qd2 h5 29. Rg1 Bb5 30. Bf4 Qe7 31. Bg5 Qc7 32. Bf6 Ne8 33. Bg5 Ng7 34. Rg3 Qf7 35. Rh3 Be8 36. Bf6 b5 37. Rg1 Qd7 38. Rg5 Bg6 39. Qe3 Qf7 40. Bxg7 Kxg7 41. Rxg6+ 1-0

[Event "Caxambu op"]
[Site "Caxambu"]
[Date "2020.03.07"]
[Round "3"]
[White "Molina, Roberto Junio Brito"]
[Black "Carvalho, Celestino Jr"]
[Result "1-0"]
[WhiteElo "2433"]
[BlackElo "1899"]
[PlyCount "89"]
[EventDate "2020.03.06"]
[EventType "swiss"]
[EventRounds "6"]
[EventCountry "BRA"]
[SourceTitle "CBM 195 Extra"]
[Source "ChessBase"]
[SourceDate "2020.05.31"]
[SourceVersion "1"]
[SourceVersionDate "2020.05.31"]
[SourceQuality "1"]

1. c4 Nf6 2. Nc3 e6 3. e4 c5 4. e5 Ng8 5. Nf3 Nc6 6. Bd3 d6 7. exd6 Bxd6 8. Qe2 Nf6 9. 0-0 0-0 10. Ne4 e5 11. h3 Re8 12. Nxf6+ Qxf6 13. Be4 Bd7 14. d3 h6 15. Nh2 Bf5 16. Ng4 Bxg4 17. Qxg4 Rab8 18. Bd2 Nd4 19. Rae1 Kh8 20. g3 Qe6 21. Qxe6 Rxe6 22. Kg2 b6 23. Bd5 Re7 24. f4 f6 25. f5 b5 26. cxb5 Rxb5 27. b3 Kh7 28. g4 Rb8 29. h4 Rf8 30. Be4 Kg8 31. Rc1 Ne2 32. Rc4 Rb8 33. Kf2 Nf4 34. Rfc1 Kf7 35. Ra4 Ke8 36. Kf3 Kd8 37. Ra6 Rd7 38. g5 hxg5 39. hxg5 fxg5 40. Rh1 Ke7 41. Bc6 Rdd8 42. Rxa7+ Kf6 43. Rh7 Rh8 44. Rhxg7 Rh2 45. Ke4 1-0

[Event "Sao Paulo Carnaval op"]
[Site "Sao Paulo"]
[Date "2020.02.23"]
[Round "3"]
[White "Carvalho, Celestino Jr"]
[Black "Parreira, Teodora Ribeiro"]
[Result "1-0"]
[WhiteElo "1889"]
[BlackElo "1681"]
[PlyCount "111"]
[EventDate "2020.02.22"]
[EventType "swiss"]
[EventRounds "7"]
[EventCountry "BRA"]
[SourceTitle "CBM 195 Extra"]
[Source "ChessBase"]
[SourceDate "2020.05.31"]
[SourceVersion "1"]
[SourceVersionDate "2020.05.31"]
[SourceQuality "1"]

1. d4 Nf6 2. Nf3 g6 3. Bf4 Bg7 4. Nc3 d6 5. e4 0-0 6. h3 Nfd7 7. Qd2 e5 8. Bg5 Qe8 9. 0-0-0 c6 10. d5 f6 11. Bh6 Bxh6 12. Qxh6 Qe7 13. dxc6 bxc6 14. Bc4+ Kh8 15. Nh4 Qg7 16. Qxg7+ Kxg7 17. Rxd6 Nb6 18. Be2 Bb7 19. Rhd1 c5 20. Bb5 Rc8 21. g4 h6 22. Ng2 Nc6 23. Rd7+ Nxd7 24. Rxd7+ Kh8 25. Rxb7 Nd4 26. Bc4 Rcb8 27. Rf7 Rf8 28. Ne3 Rxf7 29. Bxf7 Kg7 30. Bd5 Rc8 31. b3 Nf3 32. Bc4 Rd8 33. Ncd5 Ng5 34. Nc7 Rh8 35. Ne6+ Nxe6 36. Bxe6 h5 37. Kd2 hxg4 38. hxg4 Rh2 39. Ke2 Rh1 40. Nf1 Kf8 41. Bc4 Rh4 42. Ne3 Rh1 43. g5 Rh4 44. gxf6 Rxe4 45. f7 Rh4 46. Kf3 Rf4+ 47. Kg3 Rf6 48. Ng4 Rf5 49. Be6 Z0 50. f3 Ke7 51. Kf2 Rh5 52. Ke3 Rh8 53. Bc4 Rd8 54. Nxe5 Rd6 55. f4 a5 56. Bd3 1-0

[Event "Sao Paulo Carnaval op"]
[Site "Sao Paulo"]
[Date "2020.02.23"]
[Round "4"]
[White "Dos Santos, Gustavo Mota"]
[Black "Carvalho, Celestino Jr"]
[Result "1/2-1/2"]
[WhiteElo "1736"]
[BlackElo "1889"]
[PlyCount "103"]
[EventDate "2020.02.22"]
[EventType "swiss"]
[EventRounds "7"]
[EventCountry "BRA"]
[SourceTitle "CBM 195 Extra"]
[Source "ChessBase"]
[SourceDate "2020.05.31"]
[SourceVersion "1"]
[SourceVersionDate "2020.05.31"]
[SourceQuality "1"]

1. e4 c5 2. Nc3 d6 3. f4 Nc6 4. Nf3 Nf6 5. Bb5 Bd7 6. d3 e6 7. 0-0 Be7 8. Be3 Ng4 9. Bd2 Qb6 10. Kh1 0-0 11. h3 Nf6 12. Rb1 a6 13. Bxc6 Bxc6 14. Qe2 Qc7 15. e5 Nd7 16. Rbe1 d5 17. Nh2 b5 18. f5 exf5 19. e6 Nf6 20. Rxf5 d4 21. exf7+ Rxf7 22. Ne4 Nxe4 23. dxe4 Raf8 24. Ref1 Qd6 25. Rxf7 Rxf7 26. Rxf7 Kxf7 27. Nf3 Qg3 28. e5 Bxf3 29. Qxf3+ Qxf3 30. gxf3 g5 31. f4 gxf4 32. Bxf4 Ke6 33. Kg2 Bf8 34. Kf3 Kf5 35. e6 Be7 36. Bh6 Ke5 37. Bg7+ Kxe6 38. Ke4 a5 39. b3 a4 40. c3 dxc3 41. Bxc3 Kd6 42. Be5+ Kc6 43. Bb2 c4 44. bxc4 bxc4 45. a3 Kb5 46. Bc1 Bf6 47. Kd5 Ba1 48. Ke4 c3 49. Kd3 Kc5 50. Bh6 Kd5 51. Bf8 Bb2 52. h4 1/2-1/2

[Event "Florianopolis op 6th"]
[Site "Florianopolis"]
[Date "2020.01.25"]
[Round "9"]
[White "Carvalho, Celestino Jr"]
[Black "Eger, Laura Luisa"]
[Result "0-1"]
[WhiteElo "1928"]
[BlackElo "1656"]
[PlyCount "134"]
[EventDate "2020.01.20"]
[EventType "swiss"]
[EventRounds "10"]
[EventCountry "BRA"]
[SourceTitle "CBM 194 Extra"]
[Source "ChessBase"]
[SourceDate "2020.03.31"]
[SourceVersion "1"]
[SourceVersionDate "2020.03.31"]
[SourceQuality "1"]

1. Nf3 d5 2. d3 c6 3. g3 Nf6 4. Bg2 h6 5. 0-0 Bf5 6. Nbd2 e6 7. Re1 Bh7 8. b3 Be7 9. Bb2 0-0 10. e4 dxe4 11. dxe4 Nbd7 12. Qe2 Qc7 13. Rad1 a5 14. a3 Bc5 15. h3 Qxg3 16. e5 Nd5 17. Kf1 Qxg2+ 18. Kxg2 Nf4+ 19. Kg3 Nxe2+ 20. Rxe2 Bxc2 21. Rc1 Bg6 22. Nh4 Bh7 23. Ndf3 Bb6 24. Nd4 Rfd8 25. Nhf3 Nf8 26. Ree1 Ng6 27. h4 Ne7 28. Kg2 Nd5 29. Ne2 Bd3 30. Nc3 Bg6 31. Nxd5 Rxd5 32. Rc4 Bh5 33. Bc3 Bxf3+ 34. Kxf3 Rad8 35. h5 R8d7 36. Rg1 Rc5 37. Ke2 Rxc4 38. bxc4 Bc5 39. Bxa5 Bxa3 40. Bb6 c5 41. Rb1 Bb4 42. Rb2 Re7 43. Ra2 Rd7 44. Ra4 Kh7 45. f4 g6 46. Ra8 gxh5 47. Bd8 Kg6 48. Bf6 Bd2 49. Rc8 Bxf4 50. Rxc5 Bg5 51. Rb5 Bxf6 52. exf6 Kxf6 53. Rxh5 Kg6 54. Rh4 f5 55. Ke3 Kg5 56. Rh1 e5 57. Rg1+ Kf6 58. Rh1 Rh7 59. Rb1 h5 60. Kf3 h4 61. Kg2 f4 62. Kh3 Kf5 63. Rb5 f3 64. c5 Kf4 65. Rb2 Rg7 66. Rb6 Rg1 67. Rf6+ Ke3 0-1

[Event "Florianopolis op 6th"]
[Site "Florianopolis"]
[Date "2020.01.22"]
[Round "4"]
[White "Gomes, Marco Tulio Caldeir"]
[Black "Carvalho, Celestino Jr"]
[Result "0-1"]
[WhiteElo "1693"]
[BlackElo "1928"]
[PlyCount "42"]
[EventDate "2020.01.20"]
[EventType "swiss"]
[EventRounds "10"]
[EventCountry "BRA"]
[SourceTitle "CBM 194 Extra"]
[Source "ChessBase"]
[SourceDate "2020.03.31"]
[SourceVersion "1"]
[SourceVersionDate "2020.03.31"]
[SourceQuality "1"]

1. e4 c5 2. Nf3 e6 3. d4 cxd4 4. Nxd4 Nf6 5. e5 Qa5+ 6. Nc3 Qxe5+ 7. Be2 Z0 8. 0-0 Nc6 9. Be3 b5 10. Nxc6 dxc6 11. Bf3 Qc7 12. Re1 Be7 13. g3 Bb7 14. Bf4 Qb6 15. Bd6 Rd8 16. Qe2 0-0 17. Ne4 Nd5 18. Rad1 c5 19. b3 Nb4 20. a3 Nc6 21. Bg2 Nd4 0-1

[Event "Florianopolis op 6th"]
[Site "Florianopolis"]
[Date "2020.01.21"]
[Round "2"]
[White "Setti, Dalmarino"]
[Black "Carvalho, Celestino Jr"]
[Result "1/2-1/2"]
[WhiteElo "1658"]
[BlackElo "1928"]
[PlyCount "70"]
[EventDate "2020.01.20"]
[EventType "swiss"]
[EventRounds "10"]
[EventCountry "BRA"]
[SourceTitle "CBM 194 Extra"]
[Source "ChessBase"]
[SourceDate "2020.03.31"]
[SourceVersion "1"]
[SourceVersionDate "2020.03.31"]
[SourceQuality "1"]

1. d4 Nf6 2. c4 e6 3. Nf3 d5 4. g3 c5 5. Bg2 Nc6 6. cxd5 exd5 7. Nc3 Be7 8. 0-0 0-0 9. b3 Bg4 10. Ne5 Be6 11. Nxc6 bxc6 12. Bb2 Rc8 13. Rc1 Qd7 14. dxc5 Bxc5 15. Na4 Be7 16. Nc5 Qd8 17. Nxe6 fxe6 18. Re1 Bb4 19. Rf1 Qd6 20. e4 e5 21. f4 Bc5+ 22. Kh1 Nxe4 23. Bxe4 dxe4 24. Bxe5 Qd5 25. Qg4 e3+ 26. Rf3 g6 27. Rxc5 e2 28. Rxd5 e1Q+ 29. Kg2 Qe2+ 30. Kg1 Rf5 31. Rd7 Re8 32. Rdd3 Rh5 33. h4 Rf5 34. Rde3 Qd1+ 35. Kg2 Rd8 1/2-1/2

[Event "Jacarei op 2nd"]
[Site "Jacarei"]
[Date "2019.07.28"]
[Round "5"]
[White "Crozariol, Luiz Eduardo Andrau"]
[Black "Carvalho, Celestino Jr"]
[Result "0-1"]
[WhiteElo "1659"]
[BlackElo "1954"]
[PlyCount "65"]
[EventDate "2019.07.26"]
[EventType "swiss"]
[EventRounds "6"]
[EventCountry "BRA"]
[SourceTitle "CBM 191 Extra"]
[Source "ChessBase"]
[SourceDate "2019.09.30"]
[SourceVersion "1"]
[SourceVersionDate "2019.09.30"]
[SourceQuality "1"]

1. c4 Nf6 2. d4 e6 3. Nc3 d5 4. cxd5 exd5 5. Bf4 c5 6. Nf3 Nc6 7. e3 Be7 8. dxc5 Bxc5 9. Be2 0-0 10. 0-0 Be6 11. Rc1 Be7 12. Nb5 Nh5 13. Bg3 Rc8 14. Nbd4 Bf6 15. Qd2 Qb6 16. Bd6 Nxd4 17. Bxf8 Nxe2+ 18. Qxe2 Rxf8 19. Ne1 g6 20. Nd3 Bg7 21. b3 Nf6 22. Nc5 Nd7 23. Nxe6 fxe6 24. Rfd1 Ne5 25. Rc2 a6 26. Rdc1 Nc6 27. Qg4 Re8 28. h3 Qc7 29. Rc5 Ne5 30. Qe2 Nc4 31. R1xc4 dxc4 32. Qxc4 Qd6 33. Rc7 0-1

[Event "Florianopolis op 5th"]
[Site "Florianopolis"]
[Date "2019.01.27"]
[Round "10"]
[White "Carvalho, Celestino Jr"]
[Black "Lunelli, Neuri Antonio"]
[Result "0-1"]
[WhiteElo "1976"]
[BlackElo "1767"]
[PlyCount "70"]
[EventDate "2019.01.21"]
[EventType "swiss"]
[EventRounds "10"]
[EventCountry "BRA"]
[SourceTitle "EXT 2020"]
[Source "ChessBase"]
[SourceDate "2019.10.17"]
[SourceVersion "1"]
[SourceVersionDate "2019.10.17"]
[SourceQuality "1"]

1. e4 c6 2. d3 d5 3. Nd2 dxe4 4. dxe4 e5 5. Ngf3 Qc7 6. Nc4 Nd7 7. Be3 Ngf6 8. Bd3 Be7 9. h3 0-0 10. a4 Re8 11. 0-0 Nc5 12. Ncxe5 Nfxe4 13. Bc4 Be6 14. Qe2 Bf6 15. Bd4 Bxc4 16. Qxc4 Rxe5 17. Bxe5 Bxe5 18. Rfe1 Bxb2 19. Rab1 Bf6 20. Rxe4 Nxe4 21. Qxe4 h6 22. Re1 Rd8 23. g3 b6 24. Nh2 c5 25. Ng4 Bd4 26. Kg2 Qd7 27. Ne3 Re8 28. Qf5 Qxa4 29. c3 Qc6+ 30. Kh2 Bxc3 31. Rd1 Bd4 32. Nc2 Qf6 33. Qxf6 Bxf6 34. Kg2 Re7 35. Ne3 b5 0-1